[Event "FRA-chT2 Nord 0708"]
[Site "France"]
[Date "2008.04.05"]
[Round "10.8"]
[White "De Sousa, Isabelle"]
[Black "Swiercz, Sandra"]
[Result "0-1"]
[WhiteElo "1499"]
[BlackElo "1918"]
[PlyCount "42"]
[EventDate "2007.10.21"]
[EventType "team"]
[EventRounds "11"]
[EventCountry "FRA"]
[SourceTitle "EXT 2009"]
[Source "ChessBase"]
[SourceDate "2008.11.26"]
[SourceVersion "1"]
[SourceVersionDate "2008.11.26"]
[SourceQuality "1"]
[WhiteTeam "Arcueil"]
[BlackTeam "Lille"]
[WhiteTeamCountry "FRA"]
[BlackTeamCountry "FRA"]

1. e4 c5 2. Nf3 e6 3. Bc4 Qc7 4. 0-0 Nc6 5. d4 cxd4 6. c3 dxc3 7. bxc3 Nf6 8. Qd3 Ne5 9. Nxe5 Qxe5 10. Rd1 Qxe4 11. f3 Bc5+ 12. Kf1 Qh4 13. Be3 Bxe3 14. Qxe3 Qxc4+ 15. Ke1 Qh4+ 16. Kf1 Qxh2 17. Nd2 Nd5 18. Qc5 b6 19. Qd4 0-0 20. c4 Nf4 21. Re1 Qxg2# 0-1